00652nam a2200169 a 4500003000200000005001700002008004100019050003000060100003500090245009700125260009000222300004000312504004100352650002700393650003100420650003100451020250328083902.0071126s19uu xx 00 eng d aPHS SB 608.M6b.R696 2007 aRodriguez, Sofian Alexandra L. aThe effect of fungi on the growth of mongo (Vigna radiata) /cSofian Alexandra L. Rodriguez. aLas Piñas City, Philippines :bSouthville International School and Colleges,c2007. a23 pages :billustrations ;c28 cm. aIncludes bibliographical references. aVigna radiataxGrowth. aPlant-fungus interactions. aFungal diseases of plants.